书目信息 |
| 题名: |
区域碳排放的驱动要素、政策效果及减排路径研究
|
|
| 作者: | 杨沫, , 陈凯 著 | |
| 分册: | ||
| 出版信息: | 北京 中国财政经济出版社 2020.03 |
|
| 页数: | 214页 | |
| 开本: | 24cm | |
| 丛书名: | 区域经济重点学科系列丛书 | |
| 单 册: | ||
| 中图分类: | X511 | |
| 科图分类: | ||
| 主题词: | 二氧化碳--er yang hua tan--排气--环境政策--研究--河北 | |
| 电子资源: | ||
| ISBN: | 978-7-5095-9575-6 | |
| 000 | 01434nam 2200301 450 | |
| 001 | 0100016402 | |
| 005 | 20200929160439.0 | |
| 010 | @a978-7-5095-9575-6@dCNY68.00 | |
| 100 | @a20200812d2020 em y0chiy50 ea | |
| 101 | 0 | @achi |
| 102 | @aCN@b110000 | |
| 105 | @aa a 000yy | |
| 106 | @ar | |
| 200 | 1 | @a区域碳排放的驱动要素、政策效果及减排路径研究@Aqu yu tan pai fang de qu dong yao su 、 zheng ce xiao guo ji jian pai lu jing yan jiu@f杨沫, 陈凯著 |
| 210 | @a北京@c中国财政经济出版社@d2020.03 | |
| 215 | @a214页@c图@d24cm | |
| 225 | 2 | @a区域经济重点学科系列丛书@Aqu yu jing ji zhong dian xue ke xi lie cong shu |
| 300 | @a河北省社会科学基金重大项目 | |
| 314 | @a杨沫, 女, 出生于河北省秦皇岛, 中共党员。东北大学秦皇岛分校图书馆一级馆员。陈凯, 博士, 任东北大学工商管理学院和分校经济学院教授、博士生导师。分校学术委员会委员、学位委员会委员、区域经济研究所所长。 | |
| 320 | @a有书目 (第195-214页) | |
| 330 | @a本文在低碳经济理论的指导下, 对河北省碳排放的影响因素进行探讨, 分析了影响河北省经济增长与碳排放解耦的驱动要素, 测度了部门要素对解耦的影响程度, 评估了低碳试点政策的减碳效果, 为提出河北省碳减排对策, 实现低碳经济发展提供依据。 | |
| 410 | 0 | @12001 @a区域经济重点学科系列丛书 |
| 606 | 0 | @a二氧化碳@Aer yang hua tan@x排气@x环境政策@x研究@y河北 |
| 690 | @aX511@v5 | |
| 701 | 0 | @a杨沫,@Ayang mo@f1983-@4著 |
| 701 | 0 | @a陈凯@Achen kai@4著 |
| 801 | 0 | @aCN@c20200812 |
| 905 | @a河南城建学院图书馆@dX511@f1@eY236 | |
| 区域碳排放的驱动要素、政策效果及减排路径研究/杨沫, 陈凯著.-北京:中国财政经济出版社,2020.03 |
| 214页:图;24cm.-(区域经济重点学科系列丛书) |
| 河北省社会科学基金重大项目 |
| ISBN 978-7-5095-9575-6:CNY68.00 |
| 本文在低碳经济理论的指导下, 对河北省碳排放的影响因素进行探讨, 分析了影响河北省经济增长与碳排放解耦的驱动要素, 测度了部门要素对解耦的影响程度, 评估了低碳试点政策的减碳效果, 为提出河北省碳减排对策, 实现低碳经济发展提供依据。 |
| ● |
| 相关链接 |
|
|
|
正题名:区域碳排放的驱动要素、政策效果及减排路径
索取号:X511/Y236
 
预约/预借
| 序号 | 登录号 | 条形码 | 馆藏地/架位号 | 状态 | 备注 |
| 1 | 1493580 | 214935800 | 自科库501/501自科库 99排2列5层/ [索取号:X511/Y236] | 在馆 |